Štúdium geodynamických javov pomocou Globálneho polohového systému : Habilitačná práca /

Gespeichert in:
Bibliographische Detailangaben
1. Verfasser: Hefty, Ján, 1950- (Verfasst von)
Format: Manuskript Buch
Sprache:Slowakisch
Veröffentlicht: Bratislava : STU v Bratislave SvF, 1995
Tags: Tag hinzufügen
Keine Tags, Fügen Sie das erste Tag hinzu!

MARC

LEADER 00000ntm a22000003a 4500
001 stu30139
005 20150617225734.6
008 960619s1995----xo------------------slo-d
040 |a STU  |b slo 
041 0 |a slo 
044 |a xo 
080 |a 551.2/.3(043.5)  |7 stu_us_auth*stu13273 
100 1 |a Hefty, Ján,  |d 1950-  |4 aut  |u V130  |U SvF Stavebná fakulta  |T SvF Katedra geodetických základov  |X 891  |U V130  |Y 13  |7 A000000891 
245 1 |a Štúdium geodynamických javov pomocou Globálneho polohového systému :  |b Habilitačná práca /  |c [aut]Hefty,Ján 
260 |a Bratislava :  |b STU v Bratislave SvF,  |c 1995 
300 |a 94 s 
996 |b 284V037485  |c V*2071/HP-49  |l VVS  |s A  |a 24  |w stu30139_0001